[Event "7th Iberoamerican-ch 2019"]
[Site "Linares"]
[Date "2019.08.17"]
[Round "8.11"]
[White "Plazuelo Pascual, Juan"]
[Black "Martinez Duany, Lelys Stanley"]
[Result "1/2-1/2"]
[WhiteElo "2411"]
[BlackElo "2526"]
[Annotator "ChessBase"]
[PlyCount "82"]
[EventDate "2019.08.10"]
[EventType "swiss"]
[EventCountry "ESP"]
[SourceTitle "playchess.com"]
[Source "ChessBase"]
[SourceQuality "1"]
[TimeControl "5400+30"]

1. e4 {[%emt 0:00:00]} e5 {[%emt 0:01:28]} 2. Nf3 {[%emt 0:00:00]} Nc6 {[%emt 0:00:20]} 3. d4 {[%emt 0:00:00]} exd4 {[%emt 0:00:09]} 4. Bc4 {[%emt 0:00:03]} Nf6 {[%emt 0:00:35]} 5. e5 {[%emt 0:00:20]} d5 {[%emt 0:00:06]} 6. Bb5 {[%emt 0:00:14]} Ne4 {[%emt 0:02:32]} 7. Nxd4 {[%emt 0:00:19]} Bd7 {[%emt 0:00:13]} 8. Bxc6 {[%emt 0:00:25]} bxc6 {[%emt 0:00:06]} 9. O-O {[%emt 0:00:11]} Bc5 {[%emt 0:03:30]} 10. f3 {[%emt 0:00:28]} Ng5 {[%emt 0:00:43]} 11. Be3 {[%emt 0:00:25]} Ne6 {[%emt 0:01:10]} 12. f4 {[%emt 0:20:10]} Bxd4 {[%emt 0:01:13]} 13. Bxd4 {[%emt 0:00:05]} c5 {[%emt 0:00:06]} 14. Bf2 {[%emt 0:11:12]} Bb5 {[%emt 0:03:14]} 15. Re1 {[%emt 0:01:57]} Nxf4 {[%emt 0:00:42]} 16. Bxc5 {[%emt 0:04:06]} Ne6 {[%emt 0:01:24]} 17. Bf2 {[%emt 0:13:24]} c5 {[%emt 0:07:20]} 18. Qf3 {[%emt 0:04:00]} Qd7 {[%emt 0:03:26]} 19. Nd2 {[%emt 0:06:18]} O-O {[%emt 0:01:21]} 20. Rad1 {[%emt 0:00:30]} Bc6 {[%emt 0:02:11]} 21. Qg4 {[%emt 0:04:29]} f5 {[%emt 0:03:20]} 22. exf6 {[%emt 0:06:37]} Rxf6 {[%emt 0:00:24]} 23. Bg3 {[%emt 0:00:29]} d4 {[%emt 0:01:59]} 24. Ne4 {[%emt 0:03:15]} Rg6 {[%emt 0:00:22]} 25. Qh5 {[%emt 0:00:13]} Bd5 {[%emt 0:04:12]} 26. c4 {[%emt 0:01:09]} Bxe4 {[%emt 0:01:32]} 27. Rxe4 {[%emt 0:00:03]} Rd8 {[%emt 0:01:23]} 28. Re5 {[%emt 0:03:30]} Rf8 {[%emt 0:03:15]} 29. Qe2 {[%emt 0:00:51]} Rff6 {[%emt 0:01:10]} 30. b3 {[%emt 0:06:22]} h6 {[%emt 0:00:21]} 31. Qe4 {[%emt 0:00:17]} Qf7 {[%emt 0:00:11]} 32. Re1 {[%emt 0:01:18]} Kh7 {[%emt 0:02:23]} 33. Qd3 {[%emt 0:00:54]} Kg8 {[%emt 0:02:16]} 34. Qe4 {[%emt 0:00:05]} Kh8 {[%emt 0:01:06]} 35. a3 {[%emt 0:01:40]} a5 {[%emt 0:03:15]} 36. Qa8+ {[%emt 0:01:31]} Kh7 {[%emt 0:00:08]} 37. Qxa5 {[%emt 0:00:41]} Qb7 {[%emt 0:00:23]} 38. Qb5 {[%emt 0:01:21]} Qa8 {[%emt 0:00:09]} 39. Qa4 {[%emt 0:00:35]} Qb7 {[%emt 0:02:47]} 40. Qb5 {[%emt 0:00:56]} Qa8 {[%emt 0:00:11]} 41. Qa4 {[%emt 0:00:46]} Qb7 1/2-1/2

[Event "7th Iberoamerican-ch 2019"]
[Site "Linares"]
[Date "2019.08.17"]
[Round "8.12"]
[White "Ladron De Guevara Pinto, Paolo"]
[Black "Cuenca Jimenez, Jose Fernando"]
[Result "0-1"]
[WhiteElo "2431"]
[BlackElo "2515"]
[Annotator "ChessBase"]
[PlyCount "80"]
[EventDate "2019.08.10"]
[EventType "swiss"]
[EventCountry "ESP"]
[SourceTitle "playchess.com"]
[Source "ChessBase"]
[SourceQuality "1"]
[TimeControl "5400+30"]

1. e4 {[%emt 0:01:20]} e5 {[%emt 0:00:00]} 2. Nf3 {[%emt 0:01:09]} Nc6 {[%emt 0:00:00]} 3. Bc4 {[%emt 0:00:04]} Bc5 {[%emt 0:00:19]} 4. b4 {[%emt 0:06:26]} Bxb4 {[%emt 0:00:26]} 5. c3 {[%emt 0:00:06]} Ba5 {[%emt 0:01:00]} 6. d4 {[%emt 0:00:13]} d6 {[%emt 0:01:18]} 7. Qb3 {[%emt 0:00:49]} Qd7 {[%emt 0:00:07]} 8. O-O {[%emt 0:04:17]} Bb6 {[%emt 0:00:48]} 9. dxe5 {[%emt 0:21:40]} Na5 {[%emt 0:02:23]} 10. Qb4 {[%emt 0:01:19]} Nxc4 {[%emt 0:01:34]} 11. Qxc4 {[%emt 0:00:07]} dxe5 {[%emt 0:01:37]} 12. Nxe5 {[%emt 0:18:46]} Qe6 {[%emt 0:02:14]} 13. Qa4+ {[%emt 0:02:01]} c6 {[%emt 0:00:50]} 14. Nf3 {[%emt 0:10:51]} Ne7 {[%emt 0:11:10]} 15. Ba3 {[%emt 0:01:03]} O-O {[%emt 0:10:56]} 16. Nbd2 {[%emt 0:01:56]} Re8 {[%emt 0:08:00]} 17. Rfe1 {[%emt 0:03:10]} Qg6 {[%emt 0:08:29]} 18. Rab1 {[%emt 0:02:04]} Bc7 {[%emt 0:07:08]} 19. Kh1 {[%emt 0:01:09]} Qh5 {[%emt 0:06:55]} 20. e5 {[%emt 0:02:40]} Nd5 {[%emt 0:07:08]} 21. Ne4 {[%emt 0:00:05]} b5 {[%emt 0:03:45]} 22. Qd4 {[%emt 0:00:13]} Bg4 {[%emt 0:05:59]} 23. Ng3 {[%emt 0:09:40]} Qg6 {[%emt 0:00:09]} 24. Nd2 {[%emt 0:03:06]} Rad8 {[%emt 0:00:39]} 25. f3 {[%emt 0:00:48]} Bc8 {[%emt 0:07:29]} 26. Bd6 {[%emt 0:00:32]} Bb6 {[%emt 0:01:01]} 27. Qh4 {[%emt 0:01:26]} Nxc3 {[%emt 0:01:11]} 28. Ra1 {[%emt 0:00:24]} Nd5 {[%emt 0:07:01]} 29. Ngf1 {[%emt 0:02:24]} f6 {[%emt 0:00:21]} 30. f4 {[%emt 0:00:34]} Qg4 {[%emt 0:00:58]} 31. Qxg4 {[%emt 0:00:44]} Bxg4 {[%emt 0:00:02]} 32. g3 {[%emt 0:00:23]} fxe5 {[%emt 0:00:35]} 33. fxe5 {[%emt 0:00:29]} c5 {[%emt 0:03:12]} 34. Kg2 {[%emt 0:00:45]} c4 {[%emt 0:00:55]} 35. a4 {[%emt 0:00:37]} c3 {[%emt 0:00:27]} 36. Nb3 {[%emt 0:00:48]} bxa4 {[%emt 0:00:25]} 37. Rxa4 {[%emt 0:02:58]} Bd7 {[%emt 0:00:01]} 38. Raa1 {[%emt 0:00:25]} Bc6 {[%emt 0:00:03]} 39. Kh3 {[%emt 0:00:03]} Re6 {[%emt 0:00:44]} 40. g4 {[%emt 0:00:16]} Nf4+ {[%emt 0:00:39]} 0-1

[Event "7th Iberoamerican-ch 2019"]
[Site "Linares"]
[Date "2019.08.17"]
[Round "8.13"]
[White "Matamoros Franco, Carlos S."]
[Black "Damaso, Rui"]
[Result "1/2-1/2"]
[WhiteElo "2498"]
[BlackElo "2417"]
[Annotator "ChessBase"]
[PlyCount "34"]
[EventDate "2019.08.10"]
[EventType "swiss"]
[EventCountry "ESP"]
[SourceTitle "playchess.com"]
[Source "ChessBase"]
[SourceQuality "1"]
[TimeControl "5400+30"]

1. c4 c5 {[%emt 0:02:17]} 2. Nf3 {[%emt 0:00:08]} g6 {[%emt 0:02:02]} 3. d4 {[%emt 0:04:11]} Bg7 {[%emt 0:08:50]} 4. e4 {[%emt 0:04:17]} d6 {[%emt 0:05:48]} 5. d5 {[%emt 0:00:41]} e6 {[%emt 0:00:44]} 6. Nc3 {[%emt 0:02:36]} exd5 {[%emt 0:01:03]} 7. cxd5 {[%emt 0:03:45]} a6 {[%emt 0:02:58]} 8. Bf4 {[%emt 0:19:42]} b5 {[%emt 0:08:44]} 9. h3 {[%emt 0:02:49]} Nf6 {[%emt 0:02:28]} 10. Bd3 {[%emt 0:00:11]} O-O {[%emt 0:00:09]} 11. O-O {[%emt 0:00:22]} Re8 {[%emt 0:01:18]} 12. Re1 {[%emt 0:00:22]} Bb7 {[%emt 0:01:14]} 13. a3 {[%emt 0:00:34]} Qb6 {[%emt 0:01:08]} 14. Qd2 {[%emt 0:05:06]} Nbd7 {[%emt 0:02:45]} 15. b4 {[%emt 0:00:53]} Rac8 {[%emt 0:12:57]} 16. Rac1 {[%emt 0:01:07]} Nh5 {[%emt 0:00:28]} 17. Be3 {[%emt 0:16:52]} Qd8 {[%emt 0:01:41]} 1/2-1/2

[Event "7th Iberoamerican-ch 2019"]
[Site "Linares"]
[Date "2019.08.17"]
[Round "8.14"]
[White "Aizpurua, Patrick"]
[Black "Moreno Ruiz, Javier"]
[Result "1/2-1/2"]
[WhiteElo "2261"]
[BlackElo "2473"]
[Annotator "ChessBase"]
[PlyCount "82"]
[EventDate "2019.08.10"]
[EventType "swiss"]
[EventCountry "ESP"]
[SourceTitle "playchess.com"]
[Source "ChessBase"]
[SourceQuality "1"]
[TimeControl "5400+30"]

1. c4 {[%emt 0:00:00]} Nf6 {[%emt 0:00:00]} 2. g3 {[%emt 0:00:00]} e6 {[%emt 0:00:10]} 3. Nf3 {[%emt 0:00:00]} d5 {[%emt 0:00:07]} 4. d4 {[%emt 0:00:06]} dxc4 {[%emt 0:00:31]} 5. Bg2 {[%emt 0:00:05]} a6 {[%emt 0:00:10]} 6. a4 {[%emt 0:00:07]} Nc6 {[%emt 0:01:33]} 7. O-O {[%emt 0:01:55]} Rb8 {[%emt 0:03:18]} 8. Bg5 {[%emt 0:06:37]} Be7 {[%emt 0:00:51]} 9. Nc3 {[%emt 0:05:39]} h6 {[%emt 0:02:39]} 10. Bxf6 {[%emt 0:00:33]} Bxf6 {[%emt 0:00:05]} 11. e3 {[%emt 0:00:47]} O-O {[%emt 0:03:18]} 12. Nd2 {[%emt 0:01:12]} Na5 {[%emt 0:06:09]} 13. Qe2 {[%emt 0:12:26]} c5 {[%emt 0:01:20]} 14. dxc5 {[%emt 0:06:24]} Bxc3 {[%emt 0:04:57]} 15. bxc3 {[%emt 0:00:06]} Qc7 {[%emt 0:00:24]} 16. Nxc4 {[%emt 0:04:01]} Qxc5 {[%emt 0:00:12]} 17. Nxa5 {[%emt 0:00:09]} Qxa5 {[%emt 0:00:07]} 18. Qc4 {[%emt 0:10:22]} Bd7 {[%emt 0:05:12]} 19. Rfd1 {[%emt 0:01:55]} Rfc8 {[%emt 0:03:36]} 20. Qb4 {[%emt 0:00:41]} Qc7 {[%emt 0:00:20]} 21. a5 {[%emt 0:20:25]} Bc6 {[%emt 0:01:00]} 22. Bxc6 {[%emt 0:00:17]} Qxc6 {[%emt 0:00:09]} 23. Rd6 {[%emt 0:00:07]} Qf3 {[%emt 0:17:06]} 24. Rad1 {[%emt 0:01:41]} Rc7 {[%emt 0:02:02]} 25. Qb1 {[%emt 0:05:17]} g6 {[%emt 0:12:01]} 26. Rd8+ {[%emt 0:01:52]} Rxd8 {[%emt 0:00:06]} 27. Rxd8+ {[%emt 0:00:03]} Kh7 {[%emt 0:00:21]} 28. Qd3 {[%emt 0:01:16]} Qf6 {[%emt 0:03:36]} 29. Rd7 {[%emt 0:01:30]} Qe5 {[%emt 0:02:29]} 30. Rxc7 {[%emt 0:02:31]} Qxc7 {[%emt 0:00:07]} 31. Qe4 {[%emt 0:00:17]} Kg7 {[%emt 0:02:48]} 32. Qb4 {[%emt 0:00:06]} h5 {[%emt 0:02:56]} 33. h4 {[%emt 0:00:06]} e5 {[%emt 0:00:57]} 34. e4 {[%emt 0:02:14]} Kf6 {[%emt 0:03:15]} 35. Kf1 {[%emt 0:00:06]} Ke6 {[%emt 0:01:21]} 36. Qb3+ {[%emt 0:01:28]} Kf6 {[%emt 0:00:10]} 37. Qb4 {[%emt 0:00:18]} Qc6 {[%emt 0:01:25]} 38. Ke2 {[%emt 0:00:58]} Ke6 {[%emt 0:00:59]} 39. f3 {[%emt 0:03:22]} Kd7 {[%emt 0:04:33]} 40. Kd2 {[%emt 0:03:05]} Qd6+ {[%emt 0:05:39]} 41. Kc2 {[%emt 0:00:07]} Qc6 {[%emt 0:01:32]} 1/2-1/2

[Event "7th Iberoamerican-ch 2019"]
[Site "Linares"]
[Date "2019.08.17"]
[Round "8.15"]
[White "Fier, Alexandr"]
[Black "Merario Alarcon, Andres"]
[Result "1-0"]
[WhiteElo "2558"]
[BlackElo "2392"]
[Annotator "ChessBase"]
[PlyCount "67"]
[EventDate "2019.08.10"]
[EventType "swiss"]
[EventCountry "ESP"]
[SourceTitle "playchess.com"]
[Source "ChessBase"]
[SourceQuality "1"]
[TimeControl "5400+30"]

1. c4 {[%emt 0:00:00]} e6 {[%emt 0:00:56]} 2. Nf3 {[%emt 0:00:00]} d5 {[%emt 0:00:08]} 3. e3 {[%emt 0:00:00]} Nf6 {[%emt 0:00:05]} 4. b3 {[%emt 0:00:00]} Be7 {[%emt 0:00:13]} 5. Bb2 {[%emt 0:00:00]} O-O {[%emt 0:00:09]} 6. Nc3 {[%emt 0:00:00]} c5 {[%emt 0:00:48]} 7. cxd5 {[%emt 0:00:02]} Nxd5 {[%emt 0:00:27]} 8. Qc2 {[%emt 0:00:05]} Nc6 {[%emt 0:00:37]} 9. a3 {[%emt 0:00:04]} b6 {[%emt 0:00:38]} 10. h4 {[%emt 0:00:05]} f5 {[%emt 0:00:05]} 11. Nxd5 {[%emt 0:00:04]} exd5 {[%emt 0:00:09]} 12. d4 {[%emt 0:00:04]} Be6 {[%emt 0:03:39]} 13. Ba6 {[%emt 0:00:05]} Rb8 {[%emt 0:07:35]} 14. O-O {[%emt 0:00:52]} Qd6 {[%emt 0:11:52]} 15. Rfe1 {[%emt 0:07:17]} Na5 {[%emt 0:08:14]} 16. b4 {[%emt 0:02:40]} c4 {[%emt 0:07:22]} 17. Bb5 {[%emt 0:04:38]} Nb3 {[%emt 0:03:14]} 18. Rad1 {[%emt 0:00:06]} Bd7 {[%emt 0:00:47]} 19. Bxc4 {[%emt 0:01:33]} Rbc8 {[%emt 0:02:52]} 20. Qxb3 {[%emt 0:00:06]} dxc4 {[%emt 0:00:10]} 21. Qc2 {[%emt 0:03:48]} Qd5 {[%emt 0:00:08]} 22. e4 {[%emt 0:00:49]} fxe4 {[%emt 0:00:27]} 23. Qxe4 {[%emt 0:00:04]} Qxe4 {[%emt 0:00:38]} 24. Rxe4 {[%emt 0:00:05]} Bf6 {[%emt 0:03:32]} 25. Ne5 {[%emt 0:05:13]} Bf5 {[%emt 0:07:14]} 26. Rf4 {[%emt 0:00:05]} c3 {[%emt 0:03:14]} 27. Bc1 {[%emt 0:00:54]} Be6 {[%emt 0:07:38]} 28. Re1 {[%emt 0:01:33]} Rfd8 {[%emt 0:00:58]} 29. b5 {[%emt 0:00:56]} Bd5 {[%emt 0:07:37]} 30. Re3 {[%emt 0:01:49]} Bb7 {[%emt 0:01:00]} 31. a4 {[%emt 0:03:05]} Rd5 {[%emt 0:01:12]} 32. Rxf6 {[%emt 0:00:29]} gxf6 {[%emt 0:00:07]} 33. Rg3+ {[%emt 0:00:04]} Kf8 {[%emt 0:00:36]} 34. Ba3+ {[%emt 0:00:03]} 1-0

[Event "7th Iberoamerican-ch 2019"]
[Site "Linares"]
[Date "2019.08.17"]
[Round "8.16"]
[White "Lacayo, Rene"]
[Black "Espinosa Aranda, Angel"]
[Result "0-1"]
[WhiteElo "2274"]
[BlackElo "2497"]
[Annotator "ChessBase"]
[PlyCount "68"]
[EventDate "2019.08.10"]
[EventType "swiss"]
[EventCountry "ESP"]
[SourceTitle "playchess.com"]
[Source "ChessBase"]
[SourceQuality "1"]
[TimeControl "5400+30"]

1. d4 {[%emt 0:01:04]} d6 {[%emt 0:00:00]} 2. Nf3 {[%emt 0:00:37]} Nf6 {[%emt 0:00:00]} 3. g3 {[%emt 0:00:32]} g6 {[%emt 0:00:40]} 4. Bg2 {[%emt 0:00:06]} Bg7 {[%emt 0:00:14]} 5. O-O {[%emt 0:00:18]} O-O {[%emt 0:00:11]} 6. b3 {[%emt 0:00:42]} a5 {[%emt 0:04:15]} 7. a3 {[%emt 0:06:07]} b5 {[%emt 0:03:49]} 8. Bb2 {[%emt 0:01:31]} Bb7 {[%emt 0:00:35]} 9. Nbd2 {[%emt 0:01:16]} Nbd7 {[%emt 0:05:55]} 10. c4 {[%emt 0:01:40]} bxc4 {[%emt 0:06:08]} 11. Nxc4 {[%emt 0:03:49]} c5 {[%emt 0:01:21]} 12. dxc5 {[%emt 0:05:09]} Nxc5 {[%emt 0:00:06]} 13. b4 {[%emt 0:00:34]} axb4 {[%emt 0:02:08]} 14. axb4 {[%emt 0:00:02]} Ncd7 {[%emt 0:00:20]} 15. Rxa8 {[%emt 0:08:24]} Qxa8 {[%emt 0:00:09]} 16. Qa1 {[%emt 0:00:52]} Qb8 17. Bc3 {[%emt 0:12:53]} Rc8 {[%emt 0:02:40]} 18. Na5 {[%emt 0:01:00]} Be4 {[%emt 0:02:57]} 19. Nh4 {[%emt 0:21:49]} Bxg2 {[%emt 0:07:48]} 20. Nxg2 {[%emt 0:00:27]} Qb5 {[%emt 0:00:12]} 21. Qb2 {[%emt 0:06:25]} Nb6 {[%emt 0:00:20]} 22. Bd4 {[%emt 0:06:46]} Na4 {[%emt 0:04:58]} 23. Qb3 {[%emt 0:02:16]} e5 {[%emt 0:00:30]} 24. Ba1 {[%emt 0:03:41]} Nd5 25. Ne3 {[%emt 0:01:19]} Ndc3 {[%emt 0:14:48]} 26. Re1 {[%emt 0:03:35]} d5 {[%emt 0:02:08]} 27. Kg2 {[%emt 0:02:29]} d4 {[%emt 0:03:13]} 28. Nec4 {[%emt 0:03:54]} Bf8 {[%emt 0:00:07]} 29. Bxc3 {[%emt 0:01:01]} Nxc3 {[%emt 0:00:07]} 30. f4 {[%emt 0:01:28]} exf4 {[%emt 0:02:15]} 31. gxf4 {[%emt 0:00:02]} Bxb4 {[%emt 0:01:34]} 32. e4 {[%emt 0:02:33]} dxe3 {[%emt 0:01:29]} 33. Rxe3 {[%emt 0:00:40]} Qd5+ {[%emt 0:00:10]} 34. Kg3 {[%emt 0:00:13]} Bxa5 {[%emt 0:00:12]} 0-1

[Event "7th Iberoamerican-ch 2019"]
[Site "Linares"]
[Date "2019.08.17"]
[Round "8.17"]
[White "Garriga Cazorla, Pere"]
[Black "Matnadze, Ana"]
[Result "0-1"]
[WhiteElo "2495"]
[BlackElo "2363"]
[Annotator "ChessBase"]
[PlyCount "58"]
[EventDate "2019.08.10"]
[EventType "swiss"]
[EventCountry "ESP"]
[SourceTitle "playchess.com"]
[Source "ChessBase"]
[SourceQuality "1"]
[TimeControl "5400+30"]

1. Nf3 {[%emt 0:03:48]} Nf6 {[%emt 0:00:00]} 2. c4 {[%emt 0:00:05]} e6 {[%emt 0:00:00]} 3. Nc3 {[%emt 0:00:04]} d5 {[%emt 0:00:04]} 4. d4 {[%emt 0:00:04]} g6 {[%emt 0:00:06]} 5. Bg5 {[%emt 0:01:16]} Bg7 {[%emt 0:00:07]} 6. e3 {[%emt 0:00:43]} O-O {[%emt 0:00:10]} 7. Bd3 {[%emt 0:00:11]} dxc4 {[%emt 0:03:35]} 8. Bxc4 {[%emt 0:00:25]} c5 {[%emt 0:00:36]} 9. O-O {[%emt 0:08:08]} cxd4 {[%emt 0:00:50]} 10. Nxd4 {[%emt 0:00:43]} Qa5 {[%emt 0:03:17]} 11. Bh4 {[%emt 0:01:34]} Nc6 {[%emt 0:01:25]} 12. Nxc6 {[%emt 0:05:39]} bxc6 {[%emt 0:00:07]} 13. Qa4 {[%emt 0:00:05]} Qxa4 {[%emt 0:03:09]} 14. Nxa4 {[%emt 0:00:09]} Nd5 {[%emt 0:00:17]} 15. Bb3 {[%emt 0:06:45]} Nb6 {[%emt 0:06:33]} 16. Rfd1 {[%emt 0:02:25]} Ba6 {[%emt 0:01:26]} 17. Nc5 {[%emt 0:02:52]} Bc4 {[%emt 0:00:54]} 18. Rd2 {[%emt 0:04:43]} Rfb8 {[%emt 0:06:29]} 19. Rc1 {[%emt 0:11:17]} Bxb3 {[%emt 0:06:14]} 20. Nxb3 {[%emt 0:10:51]} Nd5 {[%emt 0:02:39]} 21. Bg3 {[%emt 0:02:21]} Rb6 {[%emt 0:05:52]} 22. Bd6 {[%emt 0:02:31]} a5 {[%emt 0:09:52]} 23. Bc5 {[%emt 0:02:37]} Rb7 {[%emt 0:11:54]} 24. Nd4 {[%emt 0:04:23]} Nb4 {[%emt 0:02:54]} 25. a4 {[%emt 0:04:21]} Rd8 {[%emt 0:07:33]} 26. Rcd1 {[%emt 0:03:09]} Rd5 {[%emt 0:04:35]} 27. Bxb4 {[%emt 0:04:00]} Rxb4 {[%emt 0:00:06]} 28. Nxc6 {[%emt 0:00:25]} Rxd2 {[%emt 0:00:20]} 29. Rxd2 {[%emt 0:00:28]} Rc4 {[%emt 0:00:16]} 0-1

[Event "7th Iberoamerican-ch 2019"]
[Site "Linares"]
[Date "2019.08.17"]
[Round "8.18"]
[White "Fluvia Poyatos, Jordi"]
[Black "Blanco Acevedo, Cristobal Jose"]
[Result "1-0"]
[WhiteElo "2455"]
[BlackElo "2342"]
[Annotator "ChessBase"]
[PlyCount "113"]
[EventDate "2019.08.10"]
[EventType "swiss"]
[EventCountry "ESP"]
[SourceTitle "playchess.com"]
[Source "ChessBase"]
[SourceQuality "1"]
[TimeControl "5400+30"]

1. e4 {[%emt 0:00:00]} d6 {[%emt 0:03:06]} 2. d4 {[%emt 0:00:15]} Nf6 {[%emt 0:00:19]} 3. Nc3 {[%emt 0:00:39]} g6 {[%emt 0:00:07]} 4. Bg5 {[%emt 0:00:21]} c6 {[%emt 0:01:29]} 5. Qd2 {[%emt 0:00:17]} Nbd7 {[%emt 0:00:18]} 6. O-O-O {[%emt 0:00:32]} h6 {[%emt 0:00:25]} 7. Bh4 {[%emt 0:01:52]} g5 {[%emt 0:00:21]} 8. Bg3 {[%emt 0:00:09]} Nh5 {[%emt 0:00:05]} 9. e5 {[%emt 0:02:43]} Nxg3 {[%emt 0:01:31]} 10. hxg3 {[%emt 0:00:35]} Nb6 {[%emt 0:00:46]} 11. Qe3 {[%emt 0:03:29]} Bg7 {[%emt 0:10:10]} 12. f4 {[%emt 0:02:17]} g4 {[%emt 0:14:49]} 13. Bd3 {[%emt 0:00:20]} Nd5 {[%emt 0:01:55]} 14. Nxd5 {[%emt 0:01:06]} cxd5 {[%emt 0:00:05]} 15. Ne2 {[%emt 0:00:45]} e6 {[%emt 0:04:12]} 16. Rh4 {[%emt 0:04:43]} Bd7 {[%emt 0:13:32]} 17. Rxg4 {[%emt 0:01:06]} Bf8 {[%emt 0:00:10]} 18. Kb1 {[%emt 0:08:18]} Qb6 {[%emt 0:00:29]} 19. Nc1 {[%emt 0:03:53]} O-O-O {[%emt 0:00:58]} 20. Rh4 {[%emt 0:01:49]} Be7 {[%emt 0:01:42]} 21. Rh5 {[%emt 0:02:36]} dxe5 {[%emt 0:01:11]} 22. Qxe5 {[%emt 0:01:55]} f6 {[%emt 0:03:49]} 23. Qe3 {[%emt 0:00:09]} e5 {[%emt 0:14:20]} 24. fxe5 {[%emt 0:01:48]} fxe5 {[%emt 0:00:09]} 25. Rxe5 {[%emt 0:02:01]} Bg5 {[%emt 0:01:37]} 26. Qf3 {[%emt 0:01:08]} Kb8 {[%emt 0:02:50]} 27. Bf5 {[%emt 0:06:57]} Bc6 {[%emt 0:01:00]} 28. Nb3 {[%emt 0:00:59]} Ka8 {[%emt 0:00:23]} 29. g4 {[%emt 0:01:32]} Rhe8 {[%emt 0:00:58]} 30. Qc3 {[%emt 0:03:26]} Bf4 {[%emt 0:01:21]} 31. Rxe8 {[%emt 0:00:23]} Rxe8 {[%emt 0:00:07]} 32. Re1 {[%emt 0:00:12]} Rxe1+ {[%emt 0:01:33]} 33. Qxe1 {[%emt 0:00:07]} a6 {[%emt 0:00:41]} 34. Qe7 {[%emt 0:05:30]} Qc7 {[%emt 0:01:48]} 35. Qxc7 {[%emt 0:05:10]} Bxc7 {[%emt 0:00:04]} 36. Nc5 {[%emt 0:00:20]} Bd6 {[%emt 0:01:35]} 37. c3 {[%emt 0:00:52]} Ka7 {[%emt 0:02:02]} 38. Kc2 {[%emt 0:00:57]} Kb6 {[%emt 0:00:33]} 39. Nd3 {[%emt 0:02:34]} a5 {[%emt 0:00:12]} 40. Kd2 {[%emt 0:00:35]} Bb5 {[%emt 0:00:50]} 41. Ne5 {[%emt 0:00:25]} Bf1 {[%emt 0:00:54]} 42. g3 {[%emt 0:00:28]} Be7 {[%emt 0:04:39]} 43. Ng6 {[%emt 0:02:33]} Bg5+ {[%emt 0:00:43]} 44. Nf4 {[%emt 0:00:20]} Kc6 {[%emt 0:00:46]} 45. Bd3 {[%emt 0:04:15]} Bxd3 {[%emt 0:00:27]} 46. Kxd3 {[%emt 0:00:06]} b5 {[%emt 0:00:26]} 47. b3 {[%emt 0:00:36]} Kd6 {[%emt 0:03:23]} 48. a4 {[%emt 0:00:23]} b4 {[%emt 0:01:41]} 49. c4 {[%emt 0:01:12]} dxc4+ {[%emt 0:00:04]} 50. Kxc4 {[%emt 0:00:08]} Kc6 {[%emt 0:00:04]} 51. Kd3 {[%emt 0:00:16]} Kd6 {[%emt 0:00:06]} 52. Ke4 {[%emt 0:00:06]} Bf6 {[%emt 0:00:14]} 53. Nd5 {[%emt 0:00:13]} Bd8 {[%emt 0:00:08]} 54. Ne3 {[%emt 0:00:45]} Ke6 {[%emt 0:00:04]} 55. Nf5 {[%emt 0:00:44]} Bg5 {[%emt 0:00:22]} 56. d5+ {[%emt 0:00:34]} Kf6 {[%emt 0:00:05]} 57. Nd6 {[%emt 0:00:49]} 1-0

[Event "7th Iberoamerican-ch 2019"]
[Site "Linares"]
[Date "2019.08.17"]
[Round "8.19"]
[White "Cruz Ravina, Francisco Javier"]
[Black "Cori T., Deysi"]
[Result "1-0"]
[WhiteElo "2366"]
[BlackElo "2400"]
[Annotator "NA"]
[PlyCount "91"]
[EventDate "2019.08.10"]
[EventType "swiss"]
[EventCountry "ESP"]
[SourceTitle "playchess.com"]
[Source "ChessBase"]
[SourceQuality "1"]
[TimeControl "5400+30"]

1. e4 {[%emt 0:00:00]} e6 {[%emt 0:03:38]} 2. b3 {[%emt 0:00:34]} d5 {[%emt 0:04:15]} 3. Bb2 {[%emt 0:00:23]} Nf6 {[%emt 0:03:04]} 4. e5 {[%emt 0:01:04]} Nfd7 {[%emt 0:00:10]} 5. f4 {[%emt 0:00:27]} c5 {[%emt 0:02:18]} 6. Nf3 {[%emt 0:01:00]} Nc6 {[%emt 0:00:39]} 7. g3 {[%emt 0:00:36]} Qc7 {[%emt 0:03:09]} 8. Bg2 {[%emt 0:01:32]} Be7 {[%emt 0:09:19]} 9. O-O {[%emt 0:01:08]} b6 {[%emt 0:03:38]} 10. Nc3 {[%emt 0:14:56]} Ba6 {[%emt 0:08:56]} 11. Re1 {[%emt 0:01:04]} O-O {[%emt 0:03:45]} 12. a4 {[%emt 0:03:08]} Rad8 {[%emt 0:06:18]} 13. Nb5 {[%emt 0:09:48]} Qb8 {[%emt 0:04:02]} 14. d4 {[%emt 0:03:50]} Bc8 {[%emt 0:01:38]} 15. dxc5 {[%emt 0:13:37]} bxc5 {[%emt 0:02:10]} 16. f5 {[%emt 0:03:59]} d4 {[%emt 0:14:58]} 17. Qe2 {[%emt 0:16:55]} exf5 {[%emt 0:06:00]} 18. e6 {[%emt 0:04:21]} Nb6 {[%emt 0:00:01]} 19. exf7+ {[%emt 0:02:40]} Rxf7 {[%emt 0:00:53]} 20. Bc1 {[%emt 0:00:34]} d3 {[%emt 0:09:29]} 21. cxd3 {[%emt 0:00:23]} Nd5 {[%emt 0:00:03]} 22. Ng5 {[%emt 0:01:52]} Rf6 {[%emt 0:00:52]} 23. Bxd5+ {[%emt 0:08:20]} Rxd5 {[%emt 0:00:02]} 24. Qh5 {[%emt 0:00:30]} h6 {[%emt 0:00:31]} 25. Bb2 {[%emt 0:01:18]} Rxd3 {[%emt 0:09:22]} 26. Bxf6 {[%emt 0:02:05]} Rxg3+ {[%emt 0:00:03]} 27. hxg3 {[%emt 0:00:39]} Qxg3+ {[%emt 0:00:02]} 28. Kf1 {[%emt 0:01:27]} hxg5 {[%emt 0:00:22]} 29. Bxe7 {[%emt 0:04:32]} f4 {[%emt 0:01:18]} 30. Qe8+ {[%emt 0:00:53]} Kh7 {[%emt 0:00:01]} 31. Qh5+ {[%emt 0:00:12]} Kg8 {[%emt 0:00:00]} 32. Qxg5 {[%emt 0:00:31]} Bh3+ {[%emt 0:00:50]} 33. Ke2 {[%emt 0:00:04]} Qe3+ {[%emt 0:01:45]} 34. Kd1 {[%emt 0:00:06]} Qxb3+ {[%emt 0:00:06]} 35. Kc1 {[%emt 0:02:08]} Nb4 {[%emt 0:01:12]} 36. Qg6 {[%emt 0:00:22]} Qc4+ {[%emt 0:02:06]} 37. Kd2 {[%emt 0:00:22]} Qd5+ {[%emt 0:00:28]} 38. Kc3 {[%emt 0:00:42]} Qf3+ {[%emt 0:00:40]} 39. Kd2 {[%emt 0:00:30]} Qd5+ {[%emt 0:00:22]} 40. Ke2 {[%emt 0:00:36]} Qc4+ {[%emt 0:01:00]} 41. Kf3 {[%emt 0:00:27]} Qb3+ {[%emt 0:00:17]} 42. Kf2 {[%emt 0:00:26]} Nd3+ {[%emt 0:00:31]} 43. Kg1 {[%emt 0:00:07]} f3 {[%emt 0:00:44]} 44. Qe8+ {[%emt 0:00:12]} Kh7 {[%emt 0:00:01]} 45. Qh5+ {[%emt 0:00:07]} Kg8 {[%emt 0:00:00]} 46. Qxf3 {[%emt 0:00:11]} 1-0